Thus Says The Lord; (Record no. 210699)

MARC details
000 -LEADER
fixed length control field 00704nam a22001817a 4500
005 - DATE AND TIME OF LATEST TRANSACTION
control field 20250403111324.0
010 ## - LCCN (DPL NO)
LC control number ENG-144461
020 ## - INTERNATIONAL STANDARD BOOK NUMBER
International Standard Book Number 9789391399597
Terms of availability 275.00
035 ## - SYSTEM CONTROL NUMBER
System control number EN-127993
037 ## - SOURCE OF ACQUISITION
Source of stock number/acquisition DBAD
082 ## - DEWEY DECIMAL CLASSIFICATION NUMBER
Classification number 181.45
100 ## - MAIN ENTRY--PERSONAL NAME
Personal name Kumar,David Stanly
245 ## - TITLE STATEMENT
Title Thus Says The Lord;
Statement of responsibility, etc David Stanly Kumar.
Remainder of title Biblical Theology And Spirituality of The Hebrew Prophets/
260 ## - PUBLICATION, DISTRIBUTION, ETC. (IMPRINT)
Place of publication, distribution, etc Bengaluru
Name of publisher, distributor, etc ATC Publishers
Date of publication, distribution, etc 2022
270 ## - ADDRESS
City Bengaluru
Postal code 560046
Address St Mary's Block, Archdiocesan Pastoral Center No.5 Nandidurga Road, Benson Town, Bengaluru
Electronic mail address info@atcpublishers.com
Telephone number +91-80-25491999/2999
Fax number 7090100444
300 ## - PHYSICAL DESCRIPTION
Extent xvi,270
Dimensions 21cm(pb)
942 ## - ADDED ENTRY ELEMENTS (KOHA)
Source of classification or shelving scheme Dewey Decimal Classification
Item type English Books
Classification part 181.45
Call number suffix DAV
Holdings
Withdrawn status Lost status Not for loan Collection code Home library Current library Date acquired Source of acquisition Cost, normal purchase price Full call number Barcode Copy number Cost, replacement price Koha item type
      Fiction Ashok Vihar Ashok Vihar 03/04/2025 DBAD 275.00 181.45 DAV EN-127993 1 275.00 English Books

© Delhi Public Library
Hit Counter
free hit counter